000 00490nam a22001817a 4500
003 CEME
005 20210628203243.0
008 210203b xxu||||| |||| 00| 0 eng d
020 _a9789693516760
040 _c.
082 _a891.4393 TAR
100 _aMustansar Hussain Tarar , Tarrar, Mustansar Hussain
_964299
245 _aDakia aur jolaaha
260 _aLAHORE
_bSANG-E-MEEL PUB
_c2007
300 _a304P
650 _aURDU ADAB-NOVEL-DAKIA AUR JOLAAHA
_964300
942 _cBK
_2ddc
999 _c572838
_d572838